000 00560nam a2200181Ia 4500
005 20250508155050.0
008 008 250505s9999 xx 000 0 eng d
037 _aTextual
040 _aFEDL
_beng
_cFEDL
041 _aeng
_2eng
084 _a371.4, NCE
_qFEDL
245 0 _aBasic education abstracts 1962, No 1and 2
260 _aNew Delhi, India
_bNational Council of Educational Research and Training
_c1965
300 _a62p
650 _aEducational Guidance and Counseling
942 _cTEXL
_h371.4, NCE
999 _c1353815
_d1353815